| 000 | 00434nam a22001697a 4500 | ||
|---|---|---|---|
| 003 | CEME | ||
| 005 | 20210628210417.0 | ||
| 008 | 210208b xxu||||| |||| 00| 0 eng d | ||
| 040 | _c. | ||
| 082 | _a297 MUZ | ||
| 100 |
_aWarsi, Muzaffar Muzaffar Warsi _979207 |
||
| 245 | _aMaray achay rasool.peace be upon him | ||
| 260 |
_aLAHORE _bALQAMAR ENTERPRISES _c1996 |
||
| 300 | _a143P | ||
| 650 |
_aISLAM-NAAT _911675 |
||
| 942 |
_cBK _2ddc |
||
| 999 |
_c584336 _d584336 |
||